LEADER 01438nam a2200325 a 4500 001 000000119523 003 CaOOAMICUS 005 20100126110457.0 008 100126s1944 it u000 u ita r 040 $aPUL(R)$bita$dCP 041 1 $aitaspa$hspa 100 0 $aIgnatius Loyola,$cs.,$d1491-1556.$0(OLS)http://pul/name/15097 240 10$aEjercicios espirituales.$lItaliano.$0(OLS)http://pul/title/136602 245 14$aGli esercizi spirituali /$cdi s. Ignazio di Loyola ; Pio Bondioli. 246 13$aEsercizi spirituali di s. Ignazio di Loyola 250 $a2. ed. 260 $aMilano :$bVita e pensiero,$cstampa 1944. 300 $alxxx, 349 p. ;$c18 cm 500 $aBibliografia in nota. 500 $aSul front.: testo spagnolo e versione italiana con introduzione e note 546 $aTesto in italiano e spagnolo a fronte 650 4$aEsercizi spirituali.$0(OLS)http://pul/subject/14297 700 1 $aBondioli, Pio,$dn. 1890.$0(OLS)http://pul/name/326 850 $aPUL 852 $aPUL$W1$xDP1 Religione 1$y20$m576 A 19$j137121$qStampati$B136188$CPULBib$Z2$F136188 $H38957 $82 900 $aIgnazio di Loyola,$cs.,$d1491-1556$915097 941 1 $a8 996 $6245$aGli esercizi spirituali$9(OLS)http://pul/title/70357 996 $6246$aEsercizi spirituali di s. Ignazio di Loyola$9(OLS)http://pul/title/150393 996 $6260$aMilano :$bVita e pensiero$9(OLS)http://pul/publisher/48016 LEADER 01513nam a2200337 a 4500 001 000000133030 003 CaOOAMICUS 005 20130306120836.0 008 130306s2010 it u000 u ita r 020 $a978-88-06-20603-1 040 $aPUL$bita 041 1 $aita$hger 082 04$a174 100 1 $aHabermas, Jürgen,$d1929-$0(OLS)http://pul/name/516 240 10$aZukunft der menschlichen natur. Auf dem weg zu einer liberalen eugenik?.$lItaliano.$0(OLS)http://pul/title/168062 245 13$aIl futuro della natura umana :$bi rischi di una genetica liberale /$cA cura di Leonardo Ceppa. 260 $aTorino :$bGiulio Einaudi,$c©2010. 300 $a125 p. ;$c21 cm. 490 1 $aPiccola biblioteca Einaudi. Nuova serie. Filosofia ;$v519 504 $aBibliografia in nota. 650 4$aBioetica.$0(OLS)http://pul/subject/2868 700 1 $aCeppa, Leonardo.$0(OLS)http://pul/name/517 830 0$aPiccola biblioteca Einaudi.$pNuova serie$pFilosofia ;$v519.$0(OLS)http://pul/title/142964 850 $aPUL 852 $aPUL$W1$xSL Filosofia 3$y81$m174 HABJU 1$j152949$qDDC 21$B152444$CPULBib$Z2$F152444 $H121892 $82 941 1 $a9 996 $6020$a978-88-06-20603-1$9(OLS)http://pul/number/151994 996 $6082$a174$9(OLS)http://pul/classification/425 996 $6245$aIl futuro della natura umana :$bi rischi di una genetica liberale$9(OLS)http://pul/title/168063 996 $6260$aTorino :$bGiulio Einaudi$9(OLS)http://pul/publisher/54573